000 00650nam a2200229Ia 4500
003 OSt
005 20220926022301.0
006 a|||||r|||| 00| 0
007 ta
008 220923b |||||||| |||| 00| 0 eng d
037 _cGeneral Book
040 _aRTL
_cRTL
_beng
041 _2eng
_aeng
082 _aV1N45,93:3:(X:8).N57<--N56r, L7.17/UN
110 _aUNITED NATIONS.
245 0 _aResolutions.
260 _aNew York
_bUnited Nations India
_c1957
300 _axiii,65p.
_ccm.
700 _aUNITED NATIONS.
942 _hV1N45,93:3:(X:8).N57<--N56r, L7.17/UN
_cGB
_2CC
999 _c639098
_d639098